Top 100 Marvel Super Villains - Statistics

General Stats
  • This quiz has been taken 8,800 times
    3,151 since last reset
  • The average score is 37 of 100
Answer Stats
1-100 Answer % Correct
4 Thanos
97%
2 Loki
90%
15 Green Goblin
85%
1 Dr. Doom
83%
6 Ultron
83%
21 Red Skull
81%
8 Venom
81%
5 Magneto
80%
12 Dr. Octopus
79%
52 Sandman
75%
3 Galactus
73%
56 Electro
71%
63 Vulture
68%
16 Carnage
66%
23 Kingpin
66%
11 Kang The Conquerer
65%
46 Mysterio
63%
60 Lizard
62%
67 Rhino
62%
17 Hela
61%
24 Abomination
60%
28 Baron Zemo
58%
25 Mandarin
58%
57 Kraven The Hunter
55%
14 Mystique
55%
9 Dormammu
54%
65 Killmonger
53%
45 Ronan the Accuser
53%
7 Apocalypse
52%
35 Winter Soldier
52%
31 Juggernaut
51%
61 Scorpion
50%
36 M.O.D.O.K.
48%
27 Sabretooth
48%
76 Shocker
46%
62 Hob Goblin
45%
20 Task Master
45%
32 Bullseye
44%
58 Iron Monger
43%
37 Yellow Jacket
43%
10 Mephisto
42%
51 Leader
38%
99 Ghost
37%
19 Mr. Sinister
36%
73 Pyro
35%
40 Gorr the God Butcher
32%
90 Malekith
32%
33 Baron Mordo
31%
54 Black Cat
31%
26 Sentinel
30%
30 Super Skrull
29%
100 Blob
28%
80 Crossbones
28%
13 Dark Phoenix
28%
78 Mr. Negative
28%
74 Chameleon
27%
83 Ebony Maw
27%
18 Knull
27%
68 Surtur
27%
50 Annihilus
25%
91 High Evolutionary
25%
95 Tombstone
25%
89 Absorbing Man
24%
29 Enchantress
24%
86 Black Dwarf
23%
66 Nebula
23%
85 Proxima Midnight
23%
69 Hydro Man
22%
84 Corvus Glaive
21%
92 Baron Strucker
20%
47 Lady Deathstrike
20%
72 Silver Samurai
20%
70 The Prowler
20%
49 Omega Red
19%
97 Executioner
18%
44 The Beyonder
18%
59 Crimson Dynamo
17%
75 Viper
17%
43 Nightmare
16%
34 Purple Man
16%
81 The Destroyer
15%
94 Titania
14%
22 Fin Fang Foom
13%
64 Jigsaw
13%
71 Maximus
13%
53 Onslaught
13%
42 Archangel
12%
48 Blackheart
12%
96 Sin
12%
98 The Tinkerer
12%
38 Maestro
9%
77 Moon Stone
9%
87 Supergiant
9%
79 Arcade
8%
39 Maker
8%
82 Radioactive Man
8%
41 Ymir
7%
88 Black Swan
5%
93 Nitro
3%
55 Penance
3%
No matching quizzes found
Score Distribution
Percent of People with Each Score
Percentile by Number Answered
Your Score History
You have not taken this quiz since the last reset